000
00315nam a22001457a 4500
008
181031b xxu||||| |||| 00| 0 eng d
020
_a
006040454X
041
_a
eng
080
_a
101
082
_2
5 th
_a
101
100
_a
24
101
_a
FIL
245
_a
The practical stylist
_c
Baker.SH
942
_2
udc
_c
BK
999
_c
51245
_d
51245